The Apostle Paul and the Christian life : (Record no. 9543)

MARC details
000 -LEADER
fixed length control field 01240cam a2200313 i 4500
001 - CONTROL NUMBER
control field 18805689
003 - CONTROL NUMBER IDENTIFIER
control field GBCCL
005 - DATE AND TIME OF LATEST TRANSACTION
control field 20241126110714.0
008 - FIXED-LENGTH DATA ELEMENTS--GENERAL INFORMATION
fixed length control field 151005s2016 miu b 001 0 eng
010 ## -
-- 2015037180
020 ## - INTERNATIONAL STANDARD BOOK NUMBER
International Standard Book Number 9780801049767 (pbk.)
040 ## - CATALOGING SOURCE
Original cataloging agency DLC
Language of cataloging eng
Transcribing agency DLC
Description conventions rda
Modifying agency DLC
042 ## -
-- pcc
050 00 -
-- BS680.C47
-- A66 2016
082 00 - DEWEY DECIMAL CLASSIFICATION NUMBER
Classification number 227.06
Edition information 23
Item number APO
245 04 - TITLE STATEMENT
Title The Apostle Paul and the Christian life :
Remainder of title ethical and missional implications of the new perspective /
Statement of responsibility, etc. edited by Scot McKnight and Joseph B. Modica.
264 #1 - PRODUCTION, PUBLICATION, DISTRIBUTION, MANUFACTURE, AND COPYRIGHT NOTICE
Place of production, publication, distribution, manufacture Grand Rapids, Michigan :
Name of producer, publisher, distributor, manufacturer Baker Academic, a division of Baker Publishing Group,
Date of production, publication, distribution, manufacture, or copyright notice [2016]
300 ## - PHYSICAL DESCRIPTION
Extent xiv, 209 pages ;
Dimensions 23 cm
336 ## - CONTENT TYPE
Content type term text
Content type code txt
Source rdacontent
337 ## - MEDIA TYPE
Media type term unmediated
Media type code n
Source rdamedia
338 ## - CARRIER TYPE
Carrier type term volume
Carrier type code nc
Source rdacarrier
504 ## - BIBLIOGRAPHY, ETC. NOTE
Bibliography, etc. note Includes bibliographical references and indexes.
630 00 - SUBJECT ADDED ENTRY--UNIFORM TITLE
Uniform title Bible.
Name of part/section of a work Epistles of Paul
General subdivision Criticism, interpretation, etc.
9 (RLIN) 2197
650 #0 - SUBJECT ADDED ENTRY--TOPICAL TERM
Topical term or geographic name entry element Christian life
General subdivision Biblical teaching.
9 (RLIN) 1788
700 1# - ADDED ENTRY--PERSONAL NAME
Personal name McKnight, Scot,
Relator term editor.
9 (RLIN) 4247
906 ## - LOCAL DATA ELEMENT F, LDF (RLIN)
a 7
b cbc
c orignew
d 1
e ecip
f 20
g y-gencatlg
942 ## - ADDED ENTRY ELEMENTS (KOHA)
Source of classification or shelving scheme Dewey Decimal Classification
Koha item type Books
Holdings
Withdrawn status Lost status Source of classification or shelving scheme Damaged status Not for loan Home library Current Library Shelving location Date acquired Total checkouts Full call number Barcode Date last seen Date last checked out Copy number Price effective from Koha item type
    Dewey Decimal Classification     GRACE BIBLE COLLEGE GRACE BIBLE COLLEGE Biblical Studies 2023-03-14 1 227.06 APO 016036 2025-08-28 2025-08-22 c.1 2023-03-14 Books
© Grace Bible College Library 2025